| 000 | 00350nab a22001097u 4500 | ||
|---|---|---|---|
| 008 | 130520b1986 xxu||||| |||| 00| 0 eng d | ||
| 041 | _aeng | ||
| 100 | 1 |
_aDauenhauer, Bernard P. _950085 |
|
| 245 | 0 | 0 |
_aHope and responsible politics _cBernard P. Dauenhauer |
| 773 | 0 |
_tPhilosophy Today _gV.30, nº2/4,1986,págs. 87-107 _x0031-8256 _wRev325 |
|
| 942 | _cAR | ||
| 999 |
_c302968 _d302968 |
||